MARC

LEADER 00000nam0a2200000 4500
001 371933
005 20231102012428.0
035 |a (RuTPU)RU\TPU\retro\29347 
090 |a 371933 
100 |a 20221128d1978 m y0rusy50 ca 
101 0 |a rus 
102 |a RU 
105 |a y z 000zy 
200 1 |a Правила безопасности при эксплуатации конденсаторов и магистральных трубопроводов для сжиженных газов 
210 |a Москва  |c Недра  |d 1978 
215 |a 112 с. 
606 1 |a Газы сжиженные  |x Транспортировка по трубам  |2 stltpush  |3 (RuTPU)RU\TPU\subj\5432  |9 33511 
610 1 |a эксплуатационный персонал 
610 1 |a техника безопасности 
610 1 |a противопожарная защита 
610 1 |a промышленная санитария 
610 1 |a продуктопроводы 
610 1 |a линейная часть 
610 1 |a резервуарные парки 
610 1 |a насосные станции 
610 1 |a сливно-наливные станции 
610 1 |a ремонтные работы 
610 1 |a аварийно-ремонтные работы 
610 1 |a аварийно-ремонтные работы 
610 1 |a правила безопасности 
675 |a 622.691.4  |v 4 
801 1 |a RU  |b 63413507  |c 20221128 
942 |c BK